El libro de las batallas (Record no. 17069)

MARC details
000 -LEADER
campo de control de longitud fija 00897nam a2200241 i 4500
001 - NÚMERO DE CONTROL
campo de control 17069
003 - IDENTIFICADOR DE NÚMERO DE CONTROL
campo de control ES-MaACL
005 - FECHA Y HORA DE LA ÚLTIMA TRANSACCIÓN
campo de control 20230906151510.0
007 - CAMPO FIJO DE DESCRIPCIÓN FÍSICA--INFORMACIÓN GENERAL
campo de control de longitud fija t|
008 - DATOS DE LONGITUD FIJA--INFORMACIÓN GENERAL
campo de control de longitud fija 181200s1975 sp ||||1| spa d
020 ## - NÚMERO INTERNACIONAL ESTÁNDAR DEL LIBRO
Número Internacional Estándar del Libro 84-249-3469-5
080 ## - NÚMERO DE LA CLASIFICACIÓN DECIMAL UNIVERSAL
Número de la Clasificación Decimal Universal 860(=927)-34"15"
080 ## - NÚMERO DE LA CLASIFICACIÓN DECIMAL UNIVERSAL
Número de la Clasificación Decimal Universal 398.223(46)"15"
245 03 - MENCIÓN DEL TÍTULO
Título El libro de las batallas
Resto del título : narraciones épico-caballarescas.
260 ## - PUBLICACIÓN, DISTRIBUCIÓN, ETC.
Lugar de publicación, distribución, etc. Madrid :
Nombre del editor, distribuidor, etc. Gredos,
Fecha de publicación, distribución, etc. [1975]
300 ## - DESCRIPCIÓN FÍSICA
Extensión 2 v. :
Otras características físicas il. ;
Dimensiones 19 cm.
490 1# - MENCIÓN DE SERIE
Mención de serie Colección de literatura española aljamiado-morisca ;
Designación de volumen o secuencia 2,1-2
505 8# - NOTA DE CONTENIDO CON FORMATO
Nota de contenido con formato Contiene: 1. Estudio literario del texto por Alvaro Galmés de Fuentes -- 2. Estudio lingüístico y glosario por Alvaro Galmés de Fuentes.
700 1# - ENTRADA AGREGADA--NOMBRE PERSONAL
Nombre de persona Galmés de Fuentes, Alvaro.
9 (RLIN) 53660
830 0# - PUNTO DE ACCESO ADICIONAL DE SERIE-TÍTULO UNIFORME
Título uniforme Colección de literatura española aljamiado-morisca ;
Designación de volumen o secuencia 2,1-2
9 (RLIN) 180235
852 ## - LOCALIZACIÓN
Ubicación ES-MaACL
Número de control de estantería L-24054-55
Sublocalización o colección R.129425
Holdings
Estatus retirado Estado de pérdida Estado de daño No para préstamo Biblioteca de origen Biblioteca actual Ubicación en estantería Fecha de adquisición Fuente de adquisición Total de préstamos Signatura topográfica completa Código de barras Visto por última vez Precio de reemplazo Tipo de ítem Koha
        Biblioteca del Ateneo de Madrid Biblioteca del Ateneo de Madrid Depósito 2 17/01/2008     L-24054-55 1017414 23/02/2023 23/02/2023 Libro impreso